LEADER 01289nam0 22003131i 450 001 UON00525221 005 20240621115623.281 100 $a20240621f1987 |0itac50 ba 101 $apor 102 $aPT 105 $a|||| ||||| 200 1 $aPortugal$ea terra e o homem$fJaime Cortesão$gpref. Urbano Tavares Rodrigues, ilustrac?o?es de Manuel Lapa 210 $a[Lisboa]$cArtis$d[1966] 215 $a292 p.$ctavole in part color, ill. in parte color.$d30 cm. 606 $aPortogallo$xCultura$3UONC095247$2FI 606 $aPortogallo- Civiltà$3UONC065334$2FI 620 $aPT$dLisboa$3UONL003135 676 $a914.69$cGeografia d'Europa. Portogallo$v22 700 1$aCORTESÃO$bJaime$3UONV118991$0679841 702 1$aLAPA$bManoel$3UONV209593$4440 702 1$aTAVARES RODRIGUES$bUrbano$3UONV187484 712 $aArtis$3UONV295769$4650 790 1$aLAPA, Manuel$zLAPA, Manoel$3UONV295770 801 $aIT$bSOL$c20260227$gRICA 899 $aSIBA - SISTEMA BIBLIOTECARIO DI ATENEO E ARCHIVIO STORICO$2UONSI 912 $aUON00525221 950 $aSIBA - SISTEMA BIBLIOTECARIO DI ATENEO E ARCHIVIO STORICO$dSI GRANDI FORB 0017 $eSI SP 2921 5 0017 996 $aPortugal$94544510 997 $aUNIOR